=LDR 00000nam 2200000 4500 =001 INLIS000000000013275 =005 20200504110248 =035 ##$$a 0010-061300000013275 =008 200504################g##########0#ind## =041 ##$$a Ind =082 ##$$a 2x3 =090 ##$$a 2x0, Sya i =100 ##$$a Syawisy, Syekh Abdul Aziz =245 1#$$a Islam agama fitrah /$c Syekh Abdul Aziz Syawisy; Penerjemah: Abdul Rahman =260 ##$$a Jakarta :$b Bumi aksara,$c 1996 =300 ##$$a Xiv, 141 hlm ; $c 19 x 13 cm =650 #4$$a Agama Islam- Aqidah =850 ##$$a NBPNMAT =084 ##$$a 2x3 SYA i =250 ##$$a cet. 1 =504 ##$$a Judul asli : Al-islam diinul fitrah =990 ##$$a 20404313 =990 ##$$a 00056250 =990 ##$$a 30500892 =990 ##$$a 20404314 =990 ##$$a 20404316 =990 ##$$a 20404313 =990 ##$$a 30500889 =990 ##$$a 30500890 =990 ##$$a 30500889 =990 ##$$a 20404313 =990 ##$$a 30500892 =990 ##$$a 20404314 =990 ##$$a 20404316 =990 ##$$a 20404313 =990 ##$$a 30500890 =990 ##$$a 20404313 =990 ##$$a 20404313 =990 ##$$a 30500892 =990 ##$$a 20404314 =990 ##$$a 20404316 =990 ##$$a 30500889 =990 ##$$a 30500890 =990 ##$$a 20404313 =990 ##$$a 30500892 =990 ##$$a 20404314 =990 ##$$a 20404316 =990 ##$$a 20404313 =990 ##$$a 30500889 =990 ##$$a 30500890 =990 ##$$a 92.714/Pb-96 =990 ##$$a 30500892 =990 ##$$a 20404314 =990 ##$$a 20404316 =990 ##$$a 20404313 =990 ##$$a 30500889 =990 ##$$a 30500890 =990 ##$$a 28312831 =990 ##$$a 108.984/pb-97 =990 ##$$a 92.714/Pb-96 =990 ##$$a 30500892 =990 ##$$a 20404314 =990 ##$$a 20404316 =990 ##$$a 20404313 =990 ##$$a 30500889 =990 ##$$a 30500890